The Flags of the British Cities - Statistics

General Stats
  • This quiz has been taken 41 times
    15 since last reset
  • The average score is 10 of 16
Answer Stats
Picture Answer % Correct
City of London
100%
Birmingham
89%
Cardiff
89%
Edinburgh
89%
Glasgow
78%
Leeds
78%
Bristol
67%
Liverpool
67%
Manchester
67%
Kingston-upon-Hull
56%
Sheffield
56%
Coventry
44%
Leicester
44%
Nottingham
44%
Stoke-on-Trent
33%
Sunderland
33%
No matching quizzes found
Score Distribution
Percent of People with Each Score
Percentile by Number Answered
Your Score History
You have not taken this quiz since the last reset